000 00405nam a2200169Ia 4500
003 IT-RoPAU
008 120407s9999 xx 000 0 und d
040 _aIT-RoPAU
040 _cIT-RoPAU
245 _aBiblia Sacra, iuxta latinam vulgatam versionem - Libri Hester et Job
245 _cAA.VV.
260 _aVaticana
300 _c cm
490 _v1
600 _a9° vol della serie
942 _cBK
999 _c12463
_d12463